Statistics for US Government Cabinet Offices

Click here to take the quiz!

General Stats

  • This quiz has been taken 352 times
  • The average score is 9 of 15

Answer Stats

Hint Answer % Correct
State
92%
Defense
87%
Education
76%
Treasury
75%
Homeland Security
73%
Agriculture
65%
Interior
63%
Transportation
58%
Energy
58%
Commerce
56%
Housing and Urban Development
54%
Health and Human Services
49%
Attorney General
42%
Labor
42%
Veterans Affairs
42%

Score Distribution

Percentile by Number Answered

Percent of People with Each Score

Your Score History

You have not taken this quiz